00705 2200229 4500001002100000005001700021008004100038020002200079035002400101082001100125090002100136110003900157245013500196250001100331260002800342300003000370650002400400850001600424980001500440985000600455999001400461YOGYA-0209000004095720090227025722.0 ind  a978-979-1402-00-2 0010-020900000040957 a352.55 a352.55bInd PlR aINDONESIA. Departemen Dalam Negeri aPeraturan Menteri Dalam Negeri Nomor 17 Tahun 2007 tentang pedoman teknis Pengelolaan barang milik daerahcDepartemen Dalam negeri aCet. 1 aJakartabEka Jayac2007 avii, 508 hlmbilusc21 cm aBarang Milik Daerah aYOPDYOG (B) a17-11-2007 a1 a07B003239